Statistics for Countries with a 'V' in their name:

Click here to take the quiz!

General Stats

  • This quiz has been taken 62 times
  • The average score is 14 of 18

Answer Stats

HintAnswer% Correct
LLatvia
100%
Venezuela
96%
Vietnam
94%
TTuvalu
92%
VVanuatu
92%
Vatican
89%
KKosovo
85%
BBolivia
83%
Moldova
83%
Slovenia
79%
Slovakia
77%
Saint Vincent and the Grenadines
75%
MMaldives
74%
IIvory Coast
72%
Bosnia and Herzegovina
64%
EEl Salvador
62%
SSaint Kitts and Nevis
57%
CCape Verde
49%

Score Distribution

Percentile by Number Answered

Percent of People with Each Score

Your Score History

You have not taken this quiz